000 00492nam a22001697a 4500
003 BD-DhUL
005 20161114170031.0
008 161114s1933 ii ||||| |||| 00| 0 eng
040 _aBD-DhUL
_cBD-DhUL
082 _a105
_bPRO
245 0 0 _aProceedings of the Eighth Indian Philosophical Congress /
_cH.D. Bhattacharyya
260 _aCalcutta :
_bTown Art prss,
_c1933.
300 _a341 p, ;
_c25 cm.
650 0 _aPhilosophical
700 1 _aBhattacharyya , H.D.
942 _2ddc
_cBK
999 _c123150
_d123150